00295nam a22000977a 450000500170000000800410001702000150005804000080007324500640008126000520014520200908161626.0200908b ||||| |||| 00| 0 eng d a0070067600 cCML aPhysical and Geotechnical Properties of Soils.cBowls, J.E. aUnited States of AmericabMcgraw-Hill Incc1979